Detalles MARC
| 000 -LIDER |
| fixed length control field |
01210nam a22002417a 4500 |
| 001 - NÚMERO DE CONTROL |
| Identificador de número de control |
25070 |
| 003 - IDENTIFICACDOR DE NÚMERO DE CONTROL |
| control field |
DO-SdBNP |
| 005 - DATE AND TIME OF LATEST TRANSACTION |
| control field |
20171201071919.0 |
| 007 - CAMPOS FIJOS DE DESCRIPCIÓN FÍSICA |
| fixed length control field |
25070 |
| 008 - ELEMENTOS DE LONGITUD FIJA |
| fixed length control field |
171107b 1990 sp a ||||| |||| 00| 0 spa d |
| 020 ## - ISBN |
| International Standard Book Number |
0944499678 |
| 040 ## - FUENTE DE CATALOGACIÓN |
| Agencia que crea de manera original el registro |
BPMSU |
| Idioma de catalogación |
spa |
| Agencia que realiza la transcripción |
BPMU |
| 092 ## - LOCALLY ASSIGNED DEWEY DECIMAL CALL NUMBER |
| Número de clasificación |
xxxx |
| Número de ítem (Cutter) |
xxxx |
| 245 10 - MENCIÓN DE TITULO |
| Título |
Todo lo que debe saber sobre arte y literatura / |
| Mención de responsabilidad |
Dirección general, María Eloísa Alvarez del Real. |
| 260 ## - PUBLICACIÓN, DISTRIBUCIÓN, ETC. (PIE DE IMPRENTA) |
| Lugar de publicación, distribución, etc |
Panamá : |
| Nombre del editor, distribuidor, etc. |
América, |
| Fecha de publicación, distribución, etc |
1990. |
| 300 ## - DESCRIPCIÓN FÍSICA |
| Extensión |
240 p. : |
| Otros detalles físicos |
il. ; |
| Dimensiones |
20 cm. |
| 504 ## - NOTA DE BIBLIOGRAFÍA, ETC. |
| Bibliography, etc |
Biografía : p. 4 |
| 505 ## - NOTA DE CONTENIDO |
| Título |
Primera parte: Breve introducción al arte y la literatura. Conceptos generales -- |
| -- |
Los comienzos del arte -- |
| -- |
El milagro griego -- |
| -- |
Segunda parte: Las formas del arte: La pintura. Conceptos generales -- |
| -- |
Evolución de los estilos: del románico al gótico -- |
| -- |
Evolución de los estilos: del renacimiento al barroco -- |
| -- |
Evolución de los estilos, del neoclasicismo al impresionismo y las últimas tendencias del siglo XX -- |
| -- |
Evolución de los estilos, vanguardias artísticas del siglo XX. |
| 700 12 - ASIENTO SECUNDARIO -- NOMBRE PERSONAL |
| Nombre personal |
Alvarez del Real, María Eloísa |
| Títulos u otras palabras asociadas con el nombre |
dir. |
| 942 ## - ADDED ENTRY ELEMENTS (KOHA) |
| Source of classification or shelving scheme |
Dewey Decimal Classification |
| Koha item type |
Libros |
| 945 ## - INFORMACIÓN DE PROCESAMIENTO LOCAL |
| Información de procesamiento local |
inventariado extranjero /DG |
| 956 ## - LOCAL ELECTRONIC LOCATION AND ACCESS (OCLC) |
| Nombre de host |
LOPEREZ |
| Número de acceso |
10 |
| Información de compresión |
20171107 |
| Procesador de solicitud |
0041 |
| Instrucción |
BPMSU |